[Event "GCT 2024 Croazia - Blitz"]
[Site "Zagabria"]
[Date "05.07.2025"]
[Round "6B"]
[White "Carlsen, Magnus"]
[Black "Abdusattorov, Nodirbek"]
[Result "1-0"]
[WhiteTitle "GM"]
[BlackTitle "GM"]
[WhiteElo "2839"]
[BlackElo "2771"]
[WhiteFideId "1503014"]
[BlackFideId "14204118"]
[EventDate "2025.07.05"]

1. e4 e5 2. Nf3 Nc6 3. Bb5 a6 4. Ba4 Bc5 5. c3 Nge7 6. O-O Ng6 7. d4 Ba7 8. d5
Nce7 9. Be3 O-O 10. d6 Nc6 11. c4 Bxe3 12. fxe3 cxd6 13. Nc3 b5 14. cxb5 axb5
15. Bxb5 Ba6 16. Bxa6 Rxa6 17. Qxd6 Qb8 18. Qxb8 Rxb8 19. Rf2 Nf8 20. Rd1 f6 21.
b3 Ra7 22. Nd2 Ne6 23. Nc4 Na5 24. Nd6 Rc7 25. Nd5 Ra7 26. b4 Nb7 27. Nb5 Ra6
28. Ndc3 d6 29. a4 Rc8 30. a5 Rc4 31. Rb2 Ng5 32. h4 Nxe4 33. Nxe4 Rxe4 34. Rc1
h5 35. Nc7 Ra7 36. a6 Nc5 37. bxc5 Rxc7 38. Ra1 1-0

[Event "GCT 2024 Croazia - Blitz"]
[Site "Zagabria"]
[Date "05.07.2025"]
[Round "7B"]
[White "So, Wesley"]
[Black "Giri, Anish"]
[Result "1-0"]
[WhiteTitle "GM"]
[BlackTitle "GM"]
[WhiteElo "2745"]
[BlackElo "2748"]
[WhiteFideId "5202213"]
[BlackFideId "24116068"]
[EventDate "2025.07.05"]

1. Nf3 Nf6 2. b3 g6 3. Bb2 Bg7 4. g3 b6 5. Bg2 Bb7 6. d4 O-O 7. c4 e6 8. O-O Qe7
9. Nc3 Ne4 10. Qc2 Nxc3 11. Bxc3 d6 12. e4 Nd7 13. Rfe1 a5 14. Rad1 e5 15. h4 h5
16. Bh3 exd4 17. Nxd4 Rad8 18. Bg2 Rfe8 19. Nf5 gxf5 20. exf5 Be5 21. Bxb7 Qf6
22. Bd2 Qg7 23. Kg2 Bf6 24. Bf3 Bxh4 25. Rh1 Bg5 26. Rxh5 Bxd2 27. Qxd2 Kf8 28.
Rdh1 Ne5 29. Qf4 Ke7 30. Rh7 Qg8 31. f6+ Kd7 32. Qf5+ Re6 33. Bd5 1-0

[Event "GCT 2024 Croazia - Blitz"]
[Site "Zagabria"]
[Date "05.07.2025"]
[Round "7B"]
[White "Abdusattorov, Nodirbek"]
[Black "Saric, Ivan"]
[Result "1-0"]
[WhiteTitle "GM"]
[BlackTitle "GM"]
[WhiteElo "2771"]
[BlackElo "2661"]
[WhiteFideId "14204118"]
[BlackFideId "14508150"]
[EventDate "2025.07.05"]

1. d4 Nf6 2. Nf3 g6 3. c4 Bg7 4. Nc3 O-O 5. e4 d6 6. h3 e5 7. d5 a5 8. Bg5 Na6
9. Bd3 h6 10. Be3 Nh5 11. Qd2 Nf4 12. Rg1 Nxd3+ 13. Qxd3 f5 14. O-O-O b6 15. g4
fxe4 16. Qxe4 Nc5 17. Bxc5 bxc5 18. Nd2 g5 19. Qe2 e4 20. Ndxe4 a4 21. Rd3 Bd7
22. h4 Rb8 23. hxg5 hxg5 24. Rh1 Be8 25. Ng3 Bg6 26. Nf5 Re8 27. Qd2 Qf6 28. Rf3
Bxf5 29. Rxf5 Qd4 30. Qxd4 cxd4 31. Nb5 Re2 32. Rd1 d3 33. Rxd3 Bxb2+ 34. Kd1
Re7 35. Rxg5+ Bg7 36. Re3 Rf7 37. Ke2 Rbf8 38. Rf5 Rxf5 39. gxf5 Rxf5 40. Nxc7
Be5 41. Ne6 Rh5 42. Ra3 Rh4 43. Rxa4 Kf7 44. f4 Bxf4 45. c5 Rh2+ 46. Kf3 Be5 47.
c6 Rc2 48. c7 Ke7 49. Ra8 1-0

[Event "GCT 2024 Croazia - Blitz"]
[Site "Zagabria"]
[Date "05.07.2025"]
[Round "7B"]
[White "Caruana, Fabiano"]
[Black "Praggnanandhaa, Rameshbabu"]
[Result "1/2-1/2"]
[WhiteTitle "GM"]
[BlackTitle "GM"]
[WhiteElo "2784"]
[BlackElo "2779"]
[WhiteFideId "2020009"]
[BlackFideId "25059530"]
[EventDate "2025.07.05"]

1. e4 e5 2. Nf3 Nc6 3. Bb5 a6 4. Ba4 d6 5. O-O Bd7 6. c4 Nf6 7. Nc3 Bg4 8. d3 g6
9. h3 Bxf3 10. Qxf3 Bg7 11. Nd5 Nd7 12. Bxc6 bxc6 13. Nb4 Qb8 14. Nc2 Nc5 15. b4
Ne6 16. Bd2 O-O 17. a4 Qe8 18. Qe2 f5 19. f3 h5 20. Be3 Kh7 21. Rab1 Bh6 22.
Bxh6 Kxh6 23. d4 Nf4 24. Qe3 h4 25. dxe5 dxe5 26. Rbd1 Qe7 27. Rd2 Qg5 28. Kh1
fxe4 29. fxe4 Nh5 30. Rf3 Rad8 31. Rxd8 Rxd8 32. Qg1 Rd2 33. Ne3 Qd8 34. Kh2 Kg7
35. Qf1 Ng3 36. Rf7+ Kg8 37. Qf3 Rd3 38. Rf6 Kg7 39. Rf7+ Kg8 40. Rf6 Kg7 41.
Rf7+ Kg8 42. Rf6 Kg7 43. Rf7+ 1/2-1/2

[Event "GCT 2024 Croazia - Blitz"]
[Site "Zagabria"]
[Date "05.07.2025"]
[Round "7B"]
[White "Gukesh, Dommaraju"]
[Black "Firouzja, Alireza"]
[Result "0-1"]
[WhiteTitle "GM"]
[BlackTitle "GM"]
[WhiteElo "2776"]
[BlackElo "2766"]
[WhiteFideId "46616543"]
[BlackFideId "12573981"]
[EventDate "2025.07.05"]

1. d4 Nf6 2. Nf3 d5 3. c4 e6 4. Nc3 h6 5. g3 Nc6 6. cxd5 exd5 7. Bg2 Bd6 8. O-O
O-O 9. Nb5 Re8 10. Nxd6 cxd6 11. Bf4 Bf5 12. Rc1 Qd7 13. Re1 Bh3 14. Bh1 Re7 15.
Nd2 Nxd4 16. Nf3 Nc6 17. Nd4 Rae8 18. Bf3 Ne5 19. Bh1 Ne4 20. Qb3 Nc4 21. Qb5
Qxb5 22. Nxb5 g5 23. b3 gxf4 24. bxc4 a6 25. Bxe4 dxe4 26. Nxd6 Rd8 27. c5 b6
28. Rc4 Be6 29. Rxe4 bxc5 30. Nf5 Red7 31. Rxf4 Bxa2 32. Nxh6+ Kh7 33. Nf5 Rd1
34. Kf1 Bb3 35. Ne3 Rxe1+ 36. Kxe1 a5 37. Rf5 a4 38. Rxc5 a3 39. Ra5 a2 40. f4
Rd4 0-1

[Event "GCT 2024 Croazia - Blitz"]
[Site "Zagabria"]
[Date "05.07.2025"]
[Round "7B"]
[White "Duda, Jan-Krzysztof"]
[Black "Carlsen, Magnus"]
[Result "1/2-1/2"]
[WhiteTitle "GM"]
[BlackTitle "GM"]
[WhiteElo "2725"]
[BlackElo "2839"]
[WhiteFideId "1170546"]
[BlackFideId "1503014"]
[EventDate "2025.07.05"]

1. d4 d5 2. c4 e6 3. Nc3 Nf6 4. cxd5 exd5 5. Bg5 Be7 6. e3 O-O 7. Bd3 h6 8. Bh4
c6 9. Nge2 Nbd7 10. O-O a5 11. Rc1 Re8 12. f3 b5 13. Kh1 Ba6 14. Bf2 Qb8 15. Ng3
b4 16. Nce2 Bxd3 17. Qxd3 c5 18. dxc5 Nxc5 19. Qb1 Bf8 20. Rfd1 Qb5 21. Nf4 Ne6
22. Nf5 Rac8 23. h3 Nxf4 24. exf4 Nh5 25. Nd4 Qd7 26. Rxc8 Qxc8 27. f5 Qc7 28.
g4 Ng3+ 29. Kg2 Ne2 30. Nxe2 Rxe2 31. Re1 Rxe1 32. Qxe1 Qc2 33. Qe8 Qxb2 34. Kg3
Qc3 35. h4 Qc7+ 36. Kg2 Qc2 37. Kg3 a4 38. g5 hxg5 39. hxg5 Qxf5 40. Bc5 Qxg5+
41. Kf2 b3 42. axb3 axb3 43. Bxf8 Qd2+ 44. Kg3 Qg5+ 45. Kf2 Qf5 46. Ba3+ Kh7 47.
Qe2 d4 48. Bb2 d3 49. Qe3 f6 50. Qd4 Kg6 51. Ke3 Kh5 52. Qxd3 Qxd3+ 53. Kxd3 Kh4
54. f4 Kg4 55. Ke4 f5+ 56. Ke3 g5 57. fxg5 Kxg5 58. Kf3 f4 59. Bc3 Kf5 60. Bb2
Ke6 61. Kxf4 Kd7 62. Ke4 Kc6 63. Kd3 Kb5 64. Kc3 Ka6 65. Kxb3 1/2-1/2

[Event "GCT 2024 Croazia - Blitz"]
[Site "Zagabria"]
[Date "05.07.2025"]
[Round "8B"]
[White "Caruana, Fabiano"]
[Black "Gukesh, Dommaraju"]
[Result "0-1"]
[WhiteTitle "GM"]
[BlackTitle "GM"]
[WhiteElo "2784"]
[BlackElo "2776"]
[WhiteFideId "2020009"]
[BlackFideId "46616543"]
[EventDate "2025.07.05"]

1. c4 e5 2. d3 Nf6 3. Nf3 Nc6 4. a3 d5 5. cxd5 Nxd5 6. e3 Be7 7. Be2 a5 8. b3 f5
9. Bb2 Bf6 10. Qc2 O-O 11. Nbd2 Qe7 12. O-O Be6 13. Rfe1 g5 14. d4 e4 15. Ne5
Nxe5 16. dxe5 Bg7 17. Nf1 Qf7 18. Ng3 c6 19. Nh5 Bh8 20. Bd4 Qg6 21. Ng3 Rac8
22. Rab1 c5 23. Ba1 Rfd8 24. Rbd1 Qf7 25. Nh5 b6 26. Rd2 g4 27. Ng3 Ne7 28. Rd6
Rxd6 29. exd6 Bxa1 30. Rxa1 Nc6 31. Bb5 Ne5 32. Qc3 Qg7 33. Rc1 Nf7 34. d7 Rd8
35. Qd2 Qe5 36. Nh5 Nd6 37. Bc6 Bxd7 38. Bxd7 Rxd7 39. b4 axb4 40. axb4 c4 41.
h3 gxh3 42. Rxc4 hxg2 43. Rc6 Kf7 44. Qd1 Ke7 45. Qc1 Ne8 46. Nf4 Rd6 47. Rc8
Rh6 48. Kxg2 Qg7+ 49. Kf1 Rh1+ 50. Ke2 Rxc1 51. Rxc1 Qb2+ 52. Kd1 Nf6 53. Rc6
Ng4 54. Rxb6 Nxf2+ 55. Ke1 Nd3+ 0-1

[Event "GCT 2024 Croazia - Blitz"]
[Site "Zagabria"]
[Date "05.07.2025"]
[Round "8B"]
[White "Saric, Ivan"]
[Black "Duda, Jan-Krzysztof"]
[Result "1/2-1/2"]
[WhiteTitle "GM"]
[BlackTitle "GM"]
[WhiteElo "2661"]
[BlackElo "2725"]
[WhiteFideId "14508150"]
[BlackFideId "1170546"]
[EventDate "2025.07.05"]

1. e4 c5 2. Nf3 Nf6 3. e5 Nd5 4. Nc3 Nxc3 5. dxc3 Nc6 6. Bf4 e6 7. Bd3 h6 8. h4
Qc7 9. Qe2 b6 10. Rh3 Bb7 11. h5 O-O-O 12. O-O-O d5 13. exd6 Bxd6 14. Bxd6 Qxd6
15. Re1 Qf4+ 16. Kb1 Rd7 17. Rg3 Qf6 18. Be4 Rhd8 19. a3 Rd6 20. Bxc6 Bxc6 21.
Ne5 Bb7 22. Rd3 Rxd3 23. cxd3 Qf5 24. g4 Qf4 25. Qe3 Qxe3 26. Rxe3 f6 27. Ng6 e5
28. Kc2 Kc7 29. f4 exf4 30. Nxf4 Bc8 31. Ne6+ Bxe6 32. Rxe6 Kd7 33. Re4 Rf8 34.
Ra4 a5 35. b4 f5 36. bxc5 f4 37. Kd2 f3 38. Ke1 bxc5 39. Rxa5 Kc6 40. Kf2 Rd8
41. d4 cxd4 42. cxd4 Rxd4 43. Kxf3 Kb6 44. Re5 Rd3+ 45. Re3 Rd7 46. Kf4 Rf7+ 47.
Kg3 Kc5 48. a4 Ra7 49. Ra3 Ra5 50. Kf4 Kd6 51. Ra1 Ke6 52. Ke4 Kf6 53. Kf4 g6
54. hxg6 Kxg6 55. Ra3 Kf6 56. Ra2 Kg6 57. Ra3 Kf6 58. Ra1 Kg6 59. Ra2 Kf6 60.
Ra3 Kg6 61. Ra2 Kf6 62. Ra3 Kg6 63. Ke4 1/2-1/2

[Event "GCT 2024 Croazia - Blitz"]
[Site "Zagabria"]
[Date "05.07.2025"]
[Round "8B"]
[White "Giri, Anish"]
[Black "Abdusattorov, Nodirbek"]
[Result "1/2-1/2"]
[WhiteTitle "GM"]
[BlackTitle "GM"]
[WhiteElo "2748"]
[BlackElo "2771"]
[WhiteFideId "24116068"]
[BlackFideId "14204118"]
[EventDate "2025.07.05"]

1. d4 Nf6 2. c4 e6 3. Nf3 d5 4. Nc3 c5 5. cxd5 cxd4 6. Qxd4 exd5 7. Bg5 Be7 8.
e3 O-O 9. Be2 h6 10. Bxf6 Bxf6 11. Qd2 Be6 12. O-O Nc6 13. Rfd1 Qb6 14. Nxd5
Bxd5 15. Qxd5 Rad8 16. Qb5 Qxb5 17. Bxb5 Bxb2 18. Rxd8 Rxd8 19. Rb1 Bf6 20. Kf1
Ne7 21. Bc4 b6 22. g3 g6 23. a4 Kg7 24. Ke2 Nd5 25. Bxd5 Rxd5 26. Rb4 Rc5 27.
Nd4 Rc1 28. Nb5 a6 29. Nd4 Ra1 30. Nc2 Ra2 31. Kd3 Be7 32. Re4 Kf8 33. Rc4 b5
34. axb5 axb5 35. Rc8+ Kg7 36. Rb8 b4 37. Rb7 Bd6 38. Rb6 Bf8 39. f4 Rb2 40. h3
h5 41. g4 h4 42. g5 Rb1 43. Rb7 Rh1 44. Nd4 Kg8 45. Nc6 Rxh3 46. Nxb4 Rg3 47.
Nd5 h3 48. Nf6+ Kg7 49. Ne8+ Kg8 50. Nf6+ Kg7 51. Ne8+ Kg8 52. Nf6+ Kg7 53. Rb1
Bc5 54. Nd5 h2 55. Rh1 Rh3 56. Ke2 Rh8 57. Kf3 Rd8 58. Nf6 Rh8 59. Ng4 Rh3+ 60.
Kg2 Rxe3 61. Nxe3 Bxe3 62. Kf3 Bg1 63. Kg2 Kf8 64. Rxg1 hxg1=Q+ 65. Kxg1 Ke7 66.
Kf2 Ke6 67. Ke3 Kf5 68. Kf3 f6 69. gxf6 Kxf6 70. Kg4 Ke6 71. Kg5 Kf7 72. f5 gxf5
73. Kxf5 1/2-1/2

[Event "GCT 2024 Croazia - Blitz"]
[Site "Zagabria"]
[Date "05.07.2025"]
[Round "8B"]
[White "Praggnanandhaa, Rameshbabu"]
[Black "Carlsen, Magnus"]
[Result "0-1"]
[WhiteTitle "GM"]
[BlackTitle "GM"]
[WhiteElo "2779"]
[BlackElo "2839"]
[WhiteFideId "25059530"]
[BlackFideId "1503014"]
[EventDate "2025.07.05"]

1. b3 e5 2. Bb2 Nc6 3. e3 g6 4. c4 Bg7 5. Nf3 Nge7 6. d4 exd4 7. Nxd4 O-O 8. Be2
Nxd4 9. Bxd4 Bxd4 10. Qxd4 d5 11. Nc3 dxc4 12. Qxd8 Rxd8 13. Bxc4 Nf5 14. Ke2
Nd6 15. Bd3 Be6 16. Rhd1 f5 17. Rac1 c6 18. h4 Kf7 19. h5 Kf6 20. hxg6 hxg6 21.
Rh1 Nf7 22. Rcd1 Rd7 23. Bc2 Rxd1 24. Rxd1 Rh8 25. f4 g5 26. Kf3 gxf4 27. exf4
a5 28. Bd3 b5 29. Kf2 a4 30. b4 a3 31. Be2 Rc8 32. Rd2 Ke7 33. Bf3 Nd6 34. Ne2
c5 35. bxc5 Rxc5 36. Nd4 Bc4 37. Nc6+ Kd7 38. Nb4 Ke6 39. Rc2 Rc8 40. Rc3 Rd8
41. Rxa3 Rh8 42. Ra6 Rh1 43. a3 Ra1 44. Ke3 Kd7 45. Kd4 Re1 46. Ra7+ Ke6 47. Nc6
Kf6 48. Ra6 b4 49. Rb6 bxa3 50. Nb4 Ke7 51. Bd5 Rd1+ 52. Ke5 Re1+ 53. Kd4 a2 54.
Nxa2 Rd1+ 55. Ke3 Bxd5 56. Nc3 Nc4+ 57. Ke2 Rd2+ 58. Ke1 Nxb6 59. Kxd2 Bxg2 60.
Ke3 Nd5+ 0-1

[Event "GCT 2024 Croazia - Blitz"]
[Site "Zagabria"]
[Date "05.07.2025"]
[Round "8B"]
[White "Firouzja, Alireza"]
[Black "So, Wesley"]
[Result "0-1"]
[WhiteTitle "GM"]
[BlackTitle "GM"]
[WhiteElo "2766"]
[BlackElo "2745"]
[WhiteFideId "12573981"]
[BlackFideId "5202213"]
[EventDate "2025.07.05"]

1. e4 e5 2. Nf3 Nc6 3. Bc4 Bc5 4. c3 Nf6 5. d3 d6 6. a4 a5 7. Bg5 h6 8. Bh4 Bd7
9. Nbd2 Qe7 10. O-O g5 11. Bg3 Ba7 12. Bb5 Nh5 13. d4 exd4 14. Bxc6 bxc6 15.
Nxd4 Ng7 16. Nc4 O-O 17. Re1 f5 18. exf5 Qf7 19. Ne3 Rae8 20. Qd2 Bb6 21. h3 c5
22. Nb5 Bc6 23. c4 Nxf5 24. Nxf5 Qxf5 25. Nc3 h5 26. f3 g4 27. fxg4 hxg4 28. h4
Qf6 29. Kh2 Qd4 30. Qg5+ Qg7 31. Qh5 Ba7 32. Nd5 Bb8 33. Rf1 Bd7 34. Rxf8+ Rxf8
35. Re1 Rf7 36. Re4 c6 37. Nb6 Bf5 38. Re8+ Rf8 39. Rxf8+ Qxf8 40. Qg5+ Kh7 41.
Qh5+ Kg8 42. Qg5+ Kh7 43. Qd2 Bc7 44. Qxa5 Qb8 45. Qc3 Bxb6 46. Qf6 Bg6 47. Bxd6
Qd8 48. Qxd8 Bxd8 49. Bxc5 Bc2 50. b4 Bc7+ 51. g3 Bxa4 52. Kg2 Bb3 53. b5 Bxc4
54. b6 Bb8 55. Kf2 Kg6 56. Be3 Ba6 57. Kg2 Bd6 58. Kf2 c5 59. Bd2 c4 60. Ba5 Kf5
61. Kg2 Bc5 0-1

[Event "GCT 2024 Croazia - Blitz"]
[Site "Zagabria"]
[Date "05.07.2025"]
[Round "9B"]
[White "Abdusattorov, Nodirbek"]
[Black "Firouzja, Alireza"]
[Result "1-0"]
[WhiteTitle "GM"]
[BlackTitle "GM"]
[WhiteElo "2771"]
[BlackElo "2766"]
[WhiteFideId "14204118"]
[BlackFideId "12573981"]
[EventDate "2025.07.05"]

1. e4 c5 2. Nf3 d6 3. d4 cxd4 4. Nxd4 Nf6 5. Bd3 Nc6 6. Be3 g6 7. h3 Bg7 8. c4
Ng4 9. hxg4 Bxd4 10. Bxd4 Nxd4 11. Nc3 Qa5 12. f4 Be6 13. f5 Bd7 14. Rc1 Bc6 15.
Qd2 Qe5 16. Kf2 O-O-O 17. b4 e6 18. Qe3 Rhg8 19. Nb5 Bxb5 20. cxb5+ Kb8 21. Rxh7
Rc8 22. Rxc8+ Rxc8 23. Rxf7 g5 24. Qg3 Qh8 25. Qxd6+ Ka8 26. f6 Rd8 27. Qc7 Rb8
28. b6 Qh4+ 29. Qg3 Qh1 30. Qxb8+ 1-0

[Event "GCT 2024 Croazia - Blitz"]
[Site "Zagabria"]
[Date "05.07.2025"]
[Round "9B"]
[White "Gukesh, Dommaraju"]
[Black "Praggnanandhaa, Rameshbabu"]
[Result "0-1"]
[WhiteTitle "GM"]
[BlackTitle "GM"]
[WhiteElo "2776"]
[BlackElo "2779"]
[WhiteFideId "46616543"]
[BlackFideId "25059530"]
[EventDate "2025.07.05"]

1. Nf3 Nf6 2. g3 b6 3. Bg2 Bb7 4. O-O g6 5. c4 c5 6. Nc3 Bg7 7. d4 cxd4 8. Qxd4
d6 9. Rd1 Nbd7 10. b3 O-O 11. Bb2 Rc8 12. Ne1 Ne4 13. Qe3 Bxc3 14. Bxc3 Nxc3 15.
Qxc3 Bxg2 16. Nxg2 b5 17. Ne3 bxc4 18. bxc4 Rc5 19. Rab1 Nb6 20. Rd4 Qc7 21. h4
Rc8 22. Ng4 h5 23. Ne3 e5 24. Rdd1 d5 25. Qb3 dxc4 26. Qc3 Qc6 27. Rd2 Na4 28.
Qc2 c3 29. Rdd1 Nb2 30. Rdc1 Rd8 31. Qb3 Rd2 32. Qb8+ Kg7 33. Re1 c2 34. Rbc1
Qb6 35. Qa8 Qd6 36. Qe4 Qd4 37. Qb7 Nd1 38. Qb3 Rc3 39. Nxc2 Qxf2+ 0-1

[Event "GCT 2024 Croazia - Blitz"]
[Site "Zagabria"]
[Date "05.07.2025"]
[Round "9B"]
[White "Carlsen, Magnus"]
[Black "Saric, Ivan"]
[Result "1-0"]
[WhiteTitle "GM"]
[BlackTitle "GM"]
[WhiteElo "2839"]
[BlackElo "2661"]
[WhiteFideId "1503014"]
[BlackFideId "14508150"]
[EventDate "2025.07.05"]

1. d4 Nf6 2. Bf4 g6 3. Nc3 d5 4. e3 Bg7 5. Nb5 Na6 6. h3 O-O 7. Nf3 Ne4 8. c3 c6
9. Na3 Nc7 10. Be2 f6 11. O-O Re8 12. Bh2 e5 13. c4 exd4 14. Nxd4 f5 15. Rc1 Ne6
16. cxd5 Qxd5 17. Bc4 Qd8 18. b4 Kh8 19. Nac2 Qe7 20. Re1 a5 21. bxa5 Rxa5 22.
f3 N4g5 23. Qd2 Ra8 24. Rcd1 Nf7 25. e4 Nxd4 26. Nxd4 Rd8 27. Qf2 Qc5 28. Bxf7
Rxd4 29. e5 Raa4 30. Bb3 Rab4 31. a3 Rxd1 32. Rxd1 Qxf2+ 33. Kxf2 Rxb3 34. Rd8+ 1-0

[Event "GCT 2024 Croazia - Blitz"]
[Site "Zagabria"]
[Date "05.07.2025"]
[Round "9B"]
[White "So, Wesley"]
[Black "Caruana, Fabiano"]
[Result "1-0"]
[WhiteTitle "GM"]
[BlackTitle "GM"]
[WhiteElo "2745"]
[BlackElo "2784"]
[WhiteFideId "5202213"]
[BlackFideId "2020009"]
[EventDate "2025.07.05"]

1. e4 e5 2. Nf3 Nc6 3. Bc4 Nf6 4. d3 Be7 5. O-O O-O 6. Re1 d6 7. a4 a5 8. c3 Be6
9. Bxe6 fxe6 10. Qb3 Qd7 11. Nbd2 b6 12. Nc4 Kh8 13. Bd2 Qe8 14. Qd1 Qg6 15. b4
Nh5 16. b5 Nb8 17. d4 exd4 18. cxd4 Nd7 19. Rc1 Rf7 20. Rc3 Raf8 21. Qe2 h6 22.
h3 Bf6 23. Kh2 e5 24. dxe5 Nxe5 25. Nfxe5 Bxe5+ 26. Nxe5 dxe5 27. Qg4 Qd6 28.
Be3 Nf6 29. Qg6 Qb4 30. Rec1 Ne8 31. Rc4 Qe7 32. Qh5 Nf6 33. Qe2 Ne8 34. R1c3
Rf6 35. Rc2 Kh7 36. f3 R8f7 37. Bc1 Qd8 38. Bb2 Re6 39. Rc6 Nd6 40. Qd2 Rd7 41.
Qe1 Rde7 42. Rd2 Qe8 43. Qg3 Rg6 44. Qh4 Rge6 45. Rdc2 Qf7 46. Ba3 Rd7 47. Qg3
Qe7 48. Rd2 Qf6 49. Rd5 Qe7 50. Bb2 Nf7 51. Qg4 Nd8 52. Rxe6 Nxe6 53. Qf5+ Kg8
54. Rxe5 Rd6 55. Ba3 1-0

[Event "GCT 2024 Croazia - Blitz"]
[Site "Zagabria"]
[Date "05.07.2025"]
[Round "9B"]
[White "Duda, Jan-Krzysztof"]
[Black "Giri, Anish"]
[Result "1/2-1/2"]
[WhiteTitle "GM"]
[BlackTitle "GM"]
[WhiteElo "2725"]
[BlackElo "2748"]
[WhiteFideId "1170546"]
[BlackFideId "24116068"]
[EventDate "2025.07.05"]

1. d4 Nf6 2. Nf3 d5 3. Bf4 c5 4. e3 Nc6 5. c3 Nh5 6. Bg3 Nxg3 7. hxg3 e6 8. Nbd2
h6 9. Bd3 Be7 10. Qe2 a6 11. g4 cxd4 12. exd4 Bd7 13. Qe3 Qb6 14. O-O-O O-O-O
15. Kb1 Qc7 16. Ka1 Kb8 17. Nb3 Bc8 18. g3 Bd6 19. Qe2 Rhe8 20. g5 hxg5 21. Nxg5
f6 22. Nf3 e5 23. dxe5 Nxe5 24. Nxe5 Rxe5 25. Qd2 Re7 26. Nd4 Bc5 27. Bg6 Bb6
28. a3 Ka8 29. Rh4 Qe5 30. Rdh1 Ka7 31. Bc2 g5 32. Rh6 Rf8 33. Bb3 Bg4 34. Ka2
Bd7 35. Rh7 Rfe8 36. f4 gxf4 37. gxf4 Qd6 38. Rxe7 Rxe7 39. Rh5 Bc7 40. Nf5 Bxf5
41. Rxf5 Re4 42. Rxd5 Qxf4 43. Qg2 Re7 44. Rd4 Qe5 45. Bd5 Bb6 46. Rb4 f5 47. a4
a5 48. Rh4 Rg7 49. Qf3 Rg4 50. Rxg4 fxg4 51. Qe4 Qxe4 52. Bxe4 g3 53. Kb3 Be3
54. Kc4 b6 55. b4 axb4 56. cxb4 Bf2 57. Kb5 Be1 58. a5 bxa5 59. bxa5 Bxa5 60.
Kxa5 g2 61. Bxg2 1/2-1/2

[Event "GCT 2024 Croazia - Blitz"]
[Site "Zagabria"]
[Date "06.07.2025"]
[Round "10B"]
[White "Praggnanandhaa, Rameshbabu"]
[Black "Saric, Ivan"]
[Result "0-1"]
[WhiteTitle "GM"]
[BlackTitle "GM"]
[WhiteElo "2779"]
[BlackElo "2661"]
[WhiteFideId "25059530"]
[BlackFideId "14508150"]
[EventDate "2025.07.05"]

1. b3 e5 2. Bb2 Nc6 3. e3 Nf6 4. Nf3 e4 5. Nd4 Bc5 6. Nxc6 dxc6 7. d4 Bd6 8. c4
O-O 9. Nc3 Re8 10. Be2 b6 11. Qc2 Qe7 12. O-O-O Ba3 13. Rhg1 Bxb2+ 14. Kxb2 c5
15. g4 cxd4 16. exd4 Bb7 17. g5 Nd7 18. h4 a5 19. h5 Rad8 20. Bg4 Nf8 21. d5 c6
22. g6 hxg6 23. hxg6 Nxg6 24. Bf5 cxd5 25. cxd5 Qf6 26. Bxe4 Nf4 27. Rg3 Bxd5
28. Bxd5 Rxd5 29. Rdg1 Re2 30. Rxg7+ Kf8 31. Rg8+ Ke7 32. Re1 Nd3+ 33. Ka3 Qd6+ 0-1

[Event "GCT 2024 Croazia - Blitz"]
[Site "Zagabria"]
[Date "06.07.2025"]
[Round "10B"]
[White "Carlsen, Magnus"]
[Black "Giri, Anish"]
[Result "1/2-1/2"]
[WhiteTitle "GM"]
[BlackTitle "GM"]
[WhiteElo "2839"]
[BlackElo "2748"]
[WhiteFideId "1503014"]
[BlackFideId "24116068"]
[EventDate "2025.07.05"]

1. Nf3 Nf6 2. c4 c5 3. g3 d5 4. cxd5 Nxd5 5. Bg2 Nc6 6. Nc3 Nc7 7. O-O e5 8. a3
Rb8 9. Rb1 Be7 10. d3 O-O 11. Be3 a5 12. Nd2 Bd7 13. a4 b6 14. Nc4 Re8 15. f4
exf4 16. Bxf4 Nb4 17. Nb5 Nxb5 18. Bxb8 Qxb8 19. axb5 Bxb5 20. b3 Bd7 21. Qd2
Be6 22. Qf4 Qd8 23. h4 Nd5 24. Bxd5 Bxd5 25. Kh2 b5 26. e4 Be6 27. Ne5 Bf6 28.
Ng4 Bxg4 29. Qxg4 Qxd3 30. Rbd1 Qc2+ 31. Kh3 Bd4 32. Qd7 Rf8 33. Qxb5 Qxe4 34.
Rde1 Qa8 35. Re7 Qc8+ 36. Qd7 Qxd7+ 37. Rxd7 h5 38. Ra7 f6 39. Rxa5 Rb8 40. Rf3
Kh7 41. Ra6 Kg6 42. Rd6 Be5 43. Rc6 Bd4 44. Rc7 Re8 45. Rf1 Re2 46. Rd7 Be5 47.
Rf3 Bd4 48. Rf1 Re3 49. Kg2 Rxb3 50. Rf3 Rb2+ 51. Kf1 Be5 52. Ra3 c4 53. Raa7 f5
54. Ra6+ Bf6 55. Rc7 Rc2 56. Rac6 c3 57. Ke1 Rg2 58. Rxc3 Bxc3+ 59. Rxc3 f4 60.
gxf4 Rg4 61. Rc6+ Kh7 62. Rc4 Rxh4 63. Kf2 Rg4 64. Kf3 Rg1 65. Kf2 Rg4 66. Kf3
Kh6 67. Rc6+ Rg6 68. Rc8 Ra6 69. Rc3 Kg6 70. Kg3 Rf6 71. Ra3 Kh6 72. Ra8 Rg6+
73. Kf3 Rb6 74. Ra3 g6 75. Kg3 Rf6 76. Ra8 Kg7 77. Ra7+ Rf7 78. Ra3 Re7 79. Kh4
Kh6 80. Kg3 Re1 81. Ra6 Kg7 82. f5 gxf5 83. Kf4 Rf1+ 84. Kg5 Kf7 85. Rf6+ Ke7
86. Rxf5 Rxf5+ 87. Kxf5 h4 88. Kg4 h3 89. Kxh3 1/2-1/2

[Event "GCT 2024 Croazia - Blitz"]
[Site "Zagabria"]
[Date "06.07.2025"]
[Round "10B"]
[White "Duda, Jan-Krzysztof"]
[Black "Firouzja, Alireza"]
[Result "0-1"]
[WhiteTitle "GM"]
[BlackTitle "GM"]
[WhiteElo "2725"]
[BlackElo "2766"]
[WhiteFideId "1170546"]
[BlackFideId "12573981"]
[EventDate "2025.07.05"]

1. e4 c5 2. Nf3 d6 3. d4 cxd4 4. Nxd4 Nf6 5. Nc3 a6 6. Be2 e5 7. Nb3 Be7 8. O-O
Be6 9. f4 O-O 10. f5 Bd7 11. a4 Bc6 12. Bf3 Nbd7 13. a5 b5 14. axb6 Qxb6+ 15.
Kh1 a5 16. Nd2 Nc5 17. Nc4 Qb4 18. Qe2 a4 19. Bg5 a3 20. Bd2 axb2 21. Rab1 Na4
22. Nd5 Qb7 23. Na5 Rxa5 24. Nxe7+ Qxe7 25. Bxa5 Qb7 26. Rfe1 Ra8 27. Bd2 Nc5
28. Bc3 Ncxe4 29. Bxb2 Qd7 30. c4 Qxf5 31. Ra1 Rb8 32. Ra6 Qc8 33. Rea1 h6 34.
Bc1 Nc3 35. Qe3 Bxf3 36. Qxf3 Nce4 37. R6a4 Qe6 38. Ra8 Rxa8 39. Rxa8+ Kh7 40.
Ra4 Nc5 41. Rb4 e4 42. Qe2 Nd3 43. Rb1 Qxc4 44. Be3 d5 45. Rf1 d4 46. Bg1 e3 47.
Bxe3 dxe3 48. Qxe3 Ne5 49. Re1 Ng6 50. h3 Qd5 51. Qe2 Nf4 52. Qc2+ Ng6 53. Re3
Qd6 54. Qb3 Qd7 55. Rd3 Qc7 56. Rc3 Qa7 57. Rc1 Ne4 58. Qc2 f5 59. Qb3 Qd4 60.
Rc8 Ne7 61. Rc1 Nf2+ 0-1

[Event "GCT 2024 Croazia - Blitz"]
[Site "Zagabria"]
[Date "06.07.2025"]
[Round "10B"]
[White "Abdusattorov, Nodirbek"]
[Black "Caruana, Fabiano"]
[Result "1-0"]
[WhiteTitle "GM"]
[BlackTitle "GM"]
[WhiteElo "2771"]
[BlackElo "2784"]
[WhiteFideId "14204118"]
[BlackFideId "2020009"]
[EventDate "2025.07.05"]

1. c4 e5 2. Nc3 Bb4 3. Nd5 Be7 4. Nf3 d6 5. d4 e4 6. Nd2 f5 7. e3 Nf6 8. Nxe7
Qxe7 9. Be2 O-O 10. O-O c5 11. Nb1 Be6 12. Nc3 Nbd7 13. b3 Rad8 14. Bb2 Rfe8 15.
Qd2 Nf8 16. f3 exf3 17. Bxf3 Ng6 18. Rae1 Nh4 19. Bd1 Ne4 20. Nxe4 fxe4 21. Rf4
Qg5 22. Qf2 Ng6 23. d5 Bd7 24. Rf7 Ne5 25. Bxe5 Qxe5 26. Rf1 h6 27. Qh4 Qg5 28.
Qxg5 hxg5 29. Bh5 Re5 30. Bg6 g4 31. R1f4 b5 32. Kf2 a5 33. cxb5 Bxb5 34. Rb7
Be8 35. Bxe4 Bh5 36. Bf5 g3+ 37. hxg3 Bf7 38. e4 a4 39. bxa4 Ra8 40. a5 c4 41.
a6 g6 42. Bg4 1-0